000 00735nam a2200205Ia 4500
005 20241216011334.0
008 190429s9999||||xx |||||||||||||| ||und||
082 _a616.992
_bC93
100 _aCUEVA CABALLERO, ROSARIO SOLEDAD Y CANTA PADILLA SULMA NORA
245 0 _aEFECTIVIDAD DE LA ESTIMULACION DE ENFERMERIA EN LA ADAPTACION DE PACIENTES ONCOLOGICOS A LOS EFECTOS COLATERALES DE LA QUIMIOTERAPIA Y MASTECTOMIA INEN LIMA JULIO - AGOSTO 1996
250 _a0
260 _aCERRO DE PASCO-PERU
_bUNDAC
_c1997
300 _a82 pag.
_c30 cm.
341 _h0
490 _v0
_a0
505 _aMATERIALES-METODOS-RESULTADOS
541 _aD
_bCUEVA CABALLERO, ROSARIOD
_d21-Sep-98
_oSoles
650 _aEnfermería
942 _cTESIS
999 _c39185
_d39185